000 00722nam a22002297a 4500
005 20170124110101.0
010 _a750361
020 _c00.00
035 _a750361
037 _bCen Lib/Ret
040 _aDPL
_bEN
082 _a954.0841
_bBHA
100 _aBhattacharyya, S. N.
_922081
245 _aSubhas Chandra Bose in self-exile :
_cby S. N. Bhattacharyya
_bhis finest hour /
260 _aDelhi
_bMetropolitan Book
270 _bDelhi
_a1, Netaji Subhash Marg
_e110006
300 _a130p.
_c20cm(Hb)
500 _aIncludes index
650 _aBose, Subhas Chandra, -- 1897-1945
_927237
650 _aIndia -- Politics and government -- 1919-1947
_927238
942 _2ddc
_cEN
_h954.0841
_mBHA
999 _c129730
_d129730